01378nam a2200289 a 450000100060000000300080000600500170001400800410003103500200007204000260009204100080011808200250012610000290015124501380018026000680031830000240038649000650041050000190047565000400049465000250053483000730055994200120063299900170064495201450066195201380080695201440094441179BD-RjUL20211209053337.0160516t19661944enk||||| |||| 001 0 eng d a(BD-RjUL) 41295 aBD-RjULbengcBD-RjUL aeng 223a320.15bHEN 19661 aHertz, Frederick912667410aNationality in history and politics :ba study of the psychology and sociology of national sentiment and character /cFrederick Hertz aLondon :bRoutledge & Kegan Paul Ltd., c1944 [Impression 1966] ax, 417 p. ;c23 cm. aInternational library of sociology and social reconstruction aIncludes index aNationalism and nationality9126675 aNationalisme9126676 aInternational library of sociology and social reconstruction9170562 2ddccBK c41179d41179 00102ddc40708NFICaRUCLbRUCLcStackd2016-05-16eSwits & Zillingerg42.00l0o320.15 HEN 1966r2016-05-16 00:00:00tC-2w2016-05-16yBK 00102ddc40708NFICaRUCLbRUCLcStackd1968-06-11eZeitlingerg42.00l0o320.15 HEN 1966r2016-05-16 00:00:00tC-3w2016-05-16yBK 00102ddc40718NFICaRUCLbRUCLcReadingd1955-09-21eB.H. Blackwellg85.00l0o320.15 HEN 1966r2016-12-12 00:00:00tC-1w2016-12-12yBK